000 02625cam a22002054a 4500
005 20250605163437.0
008 250528s ||||||||||||||||||||||||d
035 _a19366
020 _a9607433025
040 _aGR-AtMCL
_bgre
_dGR-AtMCL
_eAACR2
245 1 _aΟλοκληρωμένες Στρατηγικές Αγορών / Profitable Purchasing Strategies
260 _bΚριτήριον Εκδοτική Και Συμβουλευτική Ε.Π.Ε,
_c1995
300 _a240
505 0 _aΠρόλογος, Εισαγωγή, Ευκαιρίες Κέρδους στη Λειτουργία Αγορών, Διαπραγματευτικές Τεχνικές Αγοράς, Τεχνικές Ανάλυσης Αγορών, Λήψη Αποφάσεων για Αγορές, Διεθνείς Αγορές - Πρακτικές και Προβλήματα, Βελτίωση Ποιότητος Μέσω των Αγορών, Αγορές JIT: Νέος Τρόπος για τη Μείωση του Κόστους, Διαχείριση Προμηθευτών, Ενίσχυση των Προμηθειών με Πακέτα Αγορών και Ομαδοποιημένες Αγορές, Μηχανογραφημένα Συστήματα Αγορών, Εγκατάσταση του Μηχανογραφημένου Συστήματος Αγορών, Σχεδιάζοντας την Αποτελεσματικότητα των Αγορών, Οργάνωση και Παρακολούθηση των Αγορών.
520 _aΠρόλογος, Εισαγωγή, Ευκαιρίες Κέρδους στη Λειτουργία Αγορών, Διαπραγματευτικές Τεχνικές Αγοράς, Τεχνικές Ανάλυσης Αγορών, Λήψη Αποφάσεων για Αγορές, Διεθνείς Αγορές - Πρακτικές και Προβλήματα, Βελτίωση Ποιότητος Μέσω των Αγορών, Αγορές JIT: Νέος Τρόπος για τη Μείωση του Κόστους, Διαχείριση Προμηθευτών, Ενίσχυση των Προμηθειών με Πακέτα Αγορών και Ομαδοποιημένες Αγορές, Μηχανογραφημένα Συστήματα Αγορών, Εγκατάσταση του Μηχανογραφημένου Συστήματος Αγορών, Σχεδιάζοντας την Αποτελεσματικότητα των Αγορών, Οργάνωση και Παρακολούθηση των Αγορών.
700 1 _aΑρβανίτης Δημήτρης
942 _cBK
999 _c4622
_d4622